| 000 | 00792cam a2200241 a 4500 | ||
|---|---|---|---|
| 001 | 1460008 | ||
| 005 | 20180208085750.0 | ||
| 008 | 860131s1986 nyu b 001 0 eng c | ||
| 010 | _a 86002304 | ||
| 020 |
_a0876304277 (pbk.) : _c$12.50 |
||
| 020 |
_a0876304269 : _c$17.95 |
||
| 040 |
_aDNLM/DLC _cDLC _dDLC |
||
| 041 | _aeng | ||
| 060 |
_aW1 RE209BR no. 118 _aWS 462 C932 |
||
| 080 | _a616.89 JAM | ||
| 082 | 0 | 0 |
_a616.89 JAM _a155.5/33 _219 |
| 100 | _a49 | ||
| 101 | _aSOC | ||
| 245 | 0 | 0 |
_aCrises of adolescence, teenage pregnancy : _cformulated by the Committee on Adolescence, Group for the Advancement of Psychiatry. |
| 504 | _aIncludes bibliographies and index. | ||
| 906 |
_a7 _bcbc _corignew _d1 _eocip _f19 _gy-gencatlg |
||
| 942 |
_2ddc _cBK |
||
| 999 |
_c42170 _d42170 |
||